Nouvelle pratique médico-chirurgicale illustrée / (Record no. 31985)
[ view plain ]
| 000 -LEADER | |
|---|---|
| campo de control de longitud fija | 01020nam a2200229 i 4500 |
| 001 - NÚMERO DE CONTROL | |
| campo de control | 31985 |
| 003 - IDENTIFICADOR DE NÚMERO DE CONTROL | |
| campo de control | ES-MaACL |
| 005 - FECHA Y HORA DE LA ÚLTIMA TRANSACCIÓN | |
| campo de control | 20250928113039.0 |
| 007 - CAMPO FIJO DE DESCRIPCIÓN FÍSICA--INFORMACIÓN GENERAL | |
| campo de control de longitud fija | t| |
| 008 - DATOS DE LONGITUD FIJA--INFORMACIÓN GENERAL | |
| campo de control de longitud fija | 030206m19111913fr ||||1| fre d |
| 245 00 - MENCIÓN DEL TÍTULO | |
| Título | Nouvelle pratique médico-chirurgicale illustrée / |
| Mención de responsabilidad, etc. | directeurs, E. Brissaud, A. Pinard, P. Reclus ; secretaire, Henry Meige. |
| 260 ## - PUBLICACIÓN, DISTRIBUCIÓN, ETC. | |
| Lugar de publicación, distribución, etc. | Paris : |
| Nombre del editor, distribuidor, etc. | Masson, |
| Fecha de publicación, distribución, etc. | 1911-1913. |
| 300 ## - DESCRIPCIÓN FÍSICA | |
| Extensión | 9 v. ; |
| Dimensiones | 25 cm. |
| 505 8# - NOTA DE CONTENIDO CON FORMATO | |
| Nota de contenido con formato | Contiene: I. Abasie-Blennorragie -- II. Blépharites-Diabète -- III. Diaphragme-Genu Varum -- IV. Gérodermie-Kystes -- V. Labyrinthe-Omoplate -- VI. Omphalite-Poudres -- VII. Pouls-Strophantus -- VIII. Strychnées-Zymothérapie -- IX. Premier supplément (années 1911-12). |
| 650 #4 - PUNTO DE ACCESO ADICIONAL DE MATERIA--TÉRMINO DE MATERIA | |
| Término de materia o nombre geográfico como elemento de entrada | Medicina- |
| Subdivisión de forma | Enciclopedias. |
| 9 (RLIN) | 14899 |
| 700 1# - ENTRADA AGREGADA--NOMBRE PERSONAL | |
| Nombre de persona | Meige, Henry. |
| 9 (RLIN) | 79830 |
| 700 1# - ENTRADA AGREGADA--NOMBRE PERSONAL | |
| Nombre de persona | Brissaud, Éduoard ( |
| Fechas asociadas al nombre | 1852-1909) |
| 9 (RLIN) | 154652 |
| 700 1# - ENTRADA AGREGADA--NOMBRE PERSONAL | |
| Nombre de persona | Pinard, Adolphe, |
| Fechas asociadas al nombre | 1844-1934 |
| 9 (RLIN) | 154655 |
| 700 1# - ENTRADA AGREGADA--NOMBRE PERSONAL | |
| Nombre de persona | Reclus, Paul ( |
| Fechas asociadas al nombre | 1847-1914) |
| 9 (RLIN) | 154656 |
| 852 ## - LOCALIZACIÓN | |
| Ubicación | ES-MaACL |
| Número de control de estantería | B-11546-54 |
| Estatus retirado | Estado de pérdida | Estado de daño | No para préstamo | Biblioteca de origen | Biblioteca actual | Ubicación en estantería | Fecha de adquisición | Fuente de adquisición | Total de préstamos | Signatura topográfica completa | Código de barras | Visto por última vez | Precio de reemplazo | Tipo de ítem Koha |
|---|---|---|---|---|---|---|---|---|---|---|---|---|---|---|
| Biblioteca del Ateneo de Madrid | Biblioteca del Ateneo de Madrid | Sala Pardo Bazán | 17/01/2008 | B-11546-54 | 1033085 | 23/02/2023 | 23/02/2023 | Libro impreso |
